[Event "GER-chT U16"]
[Site "Lingen"]
[Date "2013.12.27"]
[Round "1.3"]
[White "Werthmann, Nils"]
[Black "Kandler, Pascal"]
[Result "1-0"]
[WhiteElo "1775"]
[BlackElo "1539"]
[PlyCount "61"]
[EventDate "2013.12.27"]
[EventType "team-swiss"]
[EventRounds "7"]
[EventCountry "GER"]
[SourceTitle "EXT 2015"]
[Source "ChessBase"]
[SourceDate "2014.11.20"]
[SourceVersion "1"]
[SourceVersionDate "2014.11.20"]
[SourceQuality "1"]
[WhiteTeam "Potsdam"]
[BlackTeam "Guetersloh"]
[WhiteTeamCountry "GER"]
[BlackTeamCountry "GER"]

1. e4 c5 2. Nc3 Nc6 3. g3 g6 4. Bg2 Bg7 5. d3 d6 6. Be3 Nf6 7. h3 0-0 8. Qd2 Nd4 9. Nge2 Nd7 10. h4 h5 11. g4 Nf6 12. gxh5 Nxh5 13. 0-0-0 Qa5 14. Ng3 Bg4 15. Nxh5 Bxh5 16. Rdg1 Rab8 17. Kb1 Qa6 18. Bh6 b5 19. Bxg7 Kxg7 20. Nd5 e6 21. Nf4 Rh8 22. Nxh5+ Rxh5 23. c3 Nc6 24. Bf3 Rh6 25. h5 Ne5 26. Be2 Rbh8 27. f4 Nc6 28. f5 Qc8 29. Qf4 Qd7 30. Rf1 Qe7 31. f6+ 1-0

[Event "GER-chT U14"]
[Site "Magdeburg"]
[Date "2012.12.30"]
[Round "7.2"]
[White "Kandler, Pascal"]
[Black "Wiesner, Alexander"]
[Result "0-1"]
[WhiteElo "1549"]
[BlackElo "1644"]
[PlyCount "116"]
[EventDate "2012.12.27"]
[EventType "team-swiss"]
[EventRounds "7"]
[EventCountry "GER"]
[SourceTitle "EXT 2014"]
[Source "ChessBase"]
[SourceDate "2013.11.20"]
[SourceVersion "1"]
[SourceVersionDate "2013.11.20"]
[SourceQuality "1"]
[WhiteTeam "Guetersloh"]
[BlackTeam "Karlsruhe 1853"]
[WhiteTeamCountry "GER"]
[BlackTeamCountry "GER"]

1. e4 c5 2. Nf3 d6 3. d4 cxd4 4. Nxd4 e6 5. Nc3 Nf6 6. Be2 Be7 7. 0-0 a6 8. Be3 b6 9. f4 Nbd7 10. Bf3 e5 11. Nde2 0-0 12. Qe1 exf4 13. Nxf4 Ne5 14. Nfd5 b5 15. h3 Bb7 16. a3 Rc8 17. Qe2 Nc4 18. Bc1 Re8 19. Qd1 Bxd5 20. exd5 Qb6+ 21. Kh1 Nd7 22. Ne2 Bf6 23. c3 Re7 24. Qc2 Rce8 25. Ng3 Re1 26. Bd2 Rxa1 27. Rxa1 Qf2 28. Ne4 Rxe4 29. Bxe4 Qxd2 30. Bxh7+ Kf8 31. Qxd2 Nxd2 32. Bf5 Ne5 33. Bc8 a5 34. Ba6 Ndc4 35. Ra2 Nd3 36. Bxb5 Ndxb2 37. Bxc4 Nxc4 38. a4 Be5 39. g4 Nb6 40. Ra3 Nxd5 41. c4 Nb6 42. Kg2 Nxc4 43. Ra2 Ke7 44. Kf3 Ke6 45. Ke4 g5 46. Kd3 Nb6 47. Kc2 Kd5 48. Kb3 f6 49. Rc2 Nd7 50. Rc8 Nc5+ 51. Ka3 Bc3 52. Re8 Bb4+ 53. Ka2 Nxa4 54. Re3 Nc3+ 55. Kb3 Ne4 56. Rd3+ Ke5 57. Kc4 Nd2+ 58. Kb5 d5 0-1

[Event "GER-chT U14"]
[Site "Magdeburg"]
[Date "2012.12.28"]
[Round "4.1"]
[White "Renger, Niklas"]
[Black "Kandler, Pascal"]
[Result "1-0"]
[WhiteElo "1769"]
[BlackElo "1549"]
[PlyCount "41"]
[EventDate "2012.12.27"]
[EventType "team-swiss"]
[EventRounds "7"]
[EventCountry "GER"]
[SourceTitle "EXT 2014"]
[Source "ChessBase"]
[SourceDate "2013.11.20"]
[SourceVersion "1"]
[SourceVersionDate "2013.11.20"]
[SourceQuality "1"]
[WhiteTeam "Dresden Gruen Weiss"]
[BlackTeam "Guetersloh"]
[WhiteTeamCountry "GER"]
[BlackTeamCountry "GER"]

1. e4 c5 2. Nf3 Nc6 3. d4 cxd4 4. Nxd4 e5 5. Nb5 d6 6. N1c3 a6 7. Na3 b5 8. Nd5 Nce7 9. Nxe7 Bxe7 10. c3 Nf6 11. Bd3 Be6 12. Bg5 0-0 13. 0-0 Ne8 14. Bxe7 Qxe7 15. Qe2 f5 16. exf5 Bxf5 17. Bxf5 Rxf5 18. Qe4 Qd7 19. Qxa8 Rg5 20. Qd5+ Kh8 21. f4 1-0